都市圏を構成する自治体 (関東大都市圏) - Statistics

General Stats
  • This quiz has been taken 175 times
  • The average score is 127 of 215
Answer Stats
分類 都道府県 所属 Answer % Correct
中心市 埼玉県 さいたま市
93%
中心市 千葉県 千葉市
93%
中心市 神奈川県 横浜市
93%
中心市 神奈川県 川崎市
93%
中心市 東京都 千代田区
92%
中心市 東京都 中央区
92%
中心市 東京都 港区
92%
中心市 東京都 新宿区
92%
中心市 東京都 世田谷区
92%
中心市 東京都 渋谷区
92%
中心市 東京都 北区
92%
中心市 東京都 足立区
92%
中心市 神奈川県 相模原市
92%
中心市 東京都 江東区
91%
中心市 東京都 品川区
91%
中心市 東京都 大田区
91%
中心市 東京都 中野区
91%
中心市 東京都 豊島区
91%
中心市 東京都 江戸川区
91%
中心市 東京都 目黒区
90%
中心市 東京都 練馬区
90%
中心市 東京都 葛飾区
88%
中心市 東京都 文京区
87%
中心市 東京都 杉並区
87%
中心市 東京都 台東区
86%
中心市 東京都 荒川区
86%
中心市 東京都 板橋区
86%
周辺市町村 東京都 八王子市
84%
中心市 東京都 墨田区
83%
周辺市町村 茨城県 つくば市
80%
周辺市町村 埼玉県 川口市
75%
周辺市町村 神奈川県 藤沢市
75%
周辺市町村 茨城県 取手市
74%
周辺市町村 千葉県 船橋市
74%
周辺市町村 茨城県 土浦市
72%
周辺市町村 東京都 立川市
72%
周辺市町村 神奈川県 鎌倉市
72%
周辺市町村 神奈川県 小田原市
72%
周辺市町村 埼玉県 川越市
71%
周辺市町村 神奈川県 横須賀市
71%
周辺市町村 千葉県 市川市
70%
周辺市町村 千葉県 松戸市
70%
周辺市町村 千葉県 柏市
70%
周辺市町村 東京都 西東京市
70%
周辺市町村 神奈川県 海老名市
70%
周辺市町村 茨城県 つくばみらい市
69%
周辺市町村 栃木県 小山市
69%
周辺市町村 埼玉県 所沢市
69%
周辺市町村 埼玉県 春日部市
69%
周辺市町村 千葉県 木更津市
69%
周辺市町村 東京都 町田市
69%
周辺市町村 東京都 国立市
69%
周辺市町村 東京都 西多摩郡 奥多摩町
69%
周辺市町村 神奈川県 平塚市
69%
周辺市町村 神奈川県 茅ヶ崎市
69%
周辺市町村 埼玉県 熊谷市
68%
周辺市町村 埼玉県 越谷市
68%
周辺市町村 東京都 日野市
68%
周辺市町村 神奈川県 逗子市
68%
周辺市町村 神奈川県 三浦市
68%
周辺市町村 神奈川県 厚木市
68%
周辺市町村 山梨県 大月市
68%
周辺市町村 埼玉県 上尾市
67%
周辺市町村 埼玉県 入間市
67%
周辺市町村 千葉県 成田市
67%
周辺市町村 東京都 武蔵野市
67%
周辺市町村 東京都 三鷹市
67%
周辺市町村 東京都 東村山市
67%
周辺市町村 東京都 多摩市
67%
周辺市町村 静岡県 熱海市
67%
周辺市町村 埼玉県 蕨市
66%
周辺市町村 東京都 国分寺市
66%
周辺市町村 東京都 福生市
66%
周辺市町村 東京都 あきる野市
66%
周辺市町村 千葉県 習志野市
65%
周辺市町村 東京都 青梅市
65%
周辺市町村 神奈川県 三浦郡 葉山町
65%
周辺市町村 茨城県 古河市
64%
周辺市町村 茨城県 龍ケ崎市
64%
周辺市町村 埼玉県 本庄市
64%
周辺市町村 千葉県 野田市
64%
周辺市町村 東京都 小金井市
64%
周辺市町村 東京都 武蔵村山市
64%
周辺市町村 神奈川県 秦野市
64%
周辺市町村 神奈川県 大和市
64%
周辺市町村 埼玉県 三郷市
63%
周辺市町村 千葉県 市原市
63%
周辺市町村 千葉県 浦安市
63%
周辺市町村 東京都 府中市
63%
周辺市町村 埼玉県 草加市
62%
周辺市町村 東京都 調布市
62%
周辺市町村 東京都 東久留米市
62%
周辺市町村 茨城県 守谷市
61%
周辺市町村 埼玉県 飯能市
61%
周辺市町村 埼玉県 東松山市
61%
周辺市町村 埼玉県 八潮市
61%
周辺市町村 埼玉県 鴻巣市
60%
周辺市町村 埼玉県 戸田市
60%
周辺市町村 埼玉県 和光市
60%
周辺市町村 埼玉県 富士見市
60%
周辺市町村 千葉県 流山市
60%
周辺市町村 千葉県 我孫子市
60%
周辺市町村 東京都 狛江市
60%
周辺市町村 東京都 清瀬市
60%
周辺市町村 茨城県 牛久市
59%
周辺市町村 埼玉県 ふじみ野市
59%
周辺市町村 千葉県 君津市
59%
周辺市町村 東京都 昭島市
59%
周辺市町村 東京都 東大和市
59%
周辺市町村 群馬県 館林市
58%
周辺市町村 埼玉県 行田市
58%
周辺市町村 埼玉県 深谷市
58%
周辺市町村 埼玉県 久喜市
58%
周辺市町村 千葉県 佐倉市
58%
周辺市町村 千葉県 富津市
58%
周辺市町村 千葉県 四街道市
58%
周辺市町村 東京都 稲城市
58%
周辺市町村 東京都 西多摩郡 檜原村
58%
周辺市町村 神奈川県 伊勢原市
58%
周辺市町村 神奈川県 南足柄市
58%
周辺市町村 山梨県 上野原市
58%
周辺市町村 埼玉県 新座市
57%
周辺市町村 千葉県 八千代市
57%
周辺市町村 神奈川県 中郡 大磯町
57%
周辺市町村 埼玉県 狭山市
56%
周辺市町村 埼玉県 朝霞市
56%
周辺市町村 千葉県 香取市
56%
周辺市町村 神奈川県 中郡 二宮町
56%
周辺市町村 千葉県 印西市
55%
周辺市町村 東京都 小平市
55%
周辺市町村 東京都 西多摩郡 瑞穂町
55%
周辺市町村 東京都 西多摩郡 日の出町
55%
周辺市町村 神奈川県 座間市
55%
周辺市町村 神奈川県 綾瀬市
55%
周辺市町村 神奈川県 足柄下郡 湯河原町
55%
周辺市町村 埼玉県 桶川市
54%
周辺市町村 千葉県 鎌ケ谷市
54%
周辺市町村 千葉県 大網白里市
54%
周辺市町村 東京都 羽村市
54%
周辺市町村 埼玉県 吉川市
53%
周辺市町村 埼玉県 白岡市
53%
周辺市町村 千葉県 東金市
53%
周辺市町村 千葉県 八街市
53%
周辺市町村 神奈川県 高座郡 寒川町
53%
周辺市町村 神奈川県 足柄下郡 真鶴町
53%
周辺市町村 埼玉県 北本市
52%
周辺市町村 埼玉県 大里郡 寄居町
52%
周辺市町村 千葉県 いすみ市
52%
周辺市町村 埼玉県 志木市
51%
周辺市町村 神奈川県 足柄上郡 松田町
51%
周辺市町村 茨城県 常総市
50%
周辺市町村 埼玉県 蓮田市
50%
周辺市町村 埼玉県 日高市
50%
周辺市町村 千葉県 茂原市
50%
周辺市町村 千葉県 白井市
49%
周辺市町村 千葉県 山武市
49%
周辺市町村 埼玉県 加須市
48%
周辺市町村 千葉県 勝浦市
48%
周辺市町村 神奈川県 愛甲郡 愛川町
48%
周辺市町村 埼玉県 羽生市
47%
周辺市町村 埼玉県 坂戸市
47%
周辺市町村 埼玉県 鶴ヶ島市
47%
周辺市町村 埼玉県 比企郡 小川町
47%
周辺市町村 千葉県 袖ケ浦市
47%
周辺市町村 千葉県 山武郡 九十九里町
47%
周辺市町村 千葉県 山武郡 横芝光町
47%
周辺市町村 神奈川県 足柄上郡 開成町
47%
周辺市町村 神奈川県 愛甲郡 清川村
47%
周辺市町村 神奈川県 足柄上郡 山北町
45%
周辺市町村 群馬県 邑楽郡 板倉町
44%
周辺市町村 千葉県 印旛郡 酒々井町
44%
周辺市町村 神奈川県 足柄上郡 大井町
44%
周辺市町村 茨城県 稲敷郡 阿見町
42%
周辺市町村 栃木県 下野市
42%
周辺市町村 埼玉県 幸手市
42%
周辺市町村 埼玉県 比企郡 嵐山町
42%
周辺市町村 埼玉県 比企郡 ときがわ町
42%
周辺市町村 千葉県 匝瑳市
42%
周辺市町村 千葉県 長生郡 一宮町
42%
周辺市町村 埼玉県 北葛飾郡 杉戸町
41%
周辺市町村 千葉県 長生郡 長生村
41%
周辺市町村 千葉県 安房郡 鋸南町
41%
周辺市町村 埼玉県 入間郡 越生町
40%
周辺市町村 埼玉県 秩父郡 東秩父村
40%
周辺市町村 神奈川県 足柄上郡 中井町
40%
周辺市町村 茨城県 猿島郡 五霞町
39%
周辺市町村 埼玉県 北葛飾郡 松伏町
39%
周辺市町村 千葉県 富里市
38%
周辺市町村 千葉県 夷隅郡 大多喜町
37%
周辺市町村 千葉県 夷隅郡 御宿町
37%
周辺市町村 茨城県 猿島郡 境町
36%
周辺市町村 栃木県 下都賀郡 野木町
36%
周辺市町村 埼玉県 北足立郡 伊奈町
36%
周辺市町村 埼玉県 比企郡 鳩山町
36%
周辺市町村 千葉県 山武郡 芝山町
36%
周辺市町村 埼玉県 南埼玉郡 宮代町
34%
周辺市町村 千葉県 長生郡 長南町
34%
周辺市町村 茨城県 北相馬郡 利根町
33%
周辺市町村 埼玉県 入間郡 三芳町
33%
周辺市町村 千葉県 印旛郡 栄町
33%
周辺市町村 茨城県 稲敷郡 河内町
31%
周辺市町村 埼玉県 入間郡 毛呂山町
31%
周辺市町村 埼玉県 児玉郡 上里町
31%
周辺市町村 千葉県 香取郡 神崎町
30%
周辺市町村 千葉県 長生郡 長柄町
30%
周辺市町村 埼玉県 比企郡 川島町
29%
周辺市町村 埼玉県 比企郡 吉見町
28%
周辺市町村 埼玉県 秩父郡 横瀬町
28%
周辺市町村 千葉県 長生郡 白子町
28%
周辺市町村 埼玉県 比企郡 滑川町
27%
周辺市町村 千葉県 香取郡 多古町
26%
周辺市町村 山梨県 南都留郡 道志村
26%
周辺市町村 埼玉県 児玉郡 美里町
25%
周辺市町村 群馬県 邑楽郡 明和町
24%
周辺市町村 千葉県 長生郡 睦沢町
23%
No matching quizzes found
Score Distribution
Percent of People with Each Score
Percentile by Number Answered
Your Score History
You have not taken this quiz